| 000 | 01100nam0a22002651 4500 | ||
|---|---|---|---|
| 001 | v19\rc\2074264 | ||
| 005 | 20090319172432.5 | ||
| 035 | _a(NLR Aleph) 005277128 | ||
| 090 |
_a6059975 _c6059975 |
||
| 100 | _a20081218d1916 |||y0rusy50 ca | ||
| 101 | 0 | _arus | |
| 102 | _aRU | ||
| 105 | _aa z ||||| | ||
| 200 | 1 |
_aНормальные технические условия Министерства путей сообщения на поставку паровозов и тендеров с их принадлежностями _fСост. Н.В. Чернов |
|
| 205 | _a3-е изд. Изд. неофиц. | ||
| 210 |
_aПетроград _cНев. судостроит. и мех. завод _d1916 |
||
| 215 |
_aXII, 103, [5] с., 1 л. табл. _cил. _d26 |
||
| 700 | 1 |
_aЧернов _bН. В. _4220 |
|
| 712 | 0 | 1 |
_aРоссия _bМинистерство путей сообщения _3RU\NLR\AUTH\889944524 |
| 801 | 0 |
_aRU _bNLR _c20081218 _gpsbo |
|
| 801 | 1 |
_aRU _bProSoft-M _c20081218 _2rusmarc |
|
| 801 | 2 |
_aRU _bNLR _c20090319 _2rusmarc |
|
| 852 |
_aNLR _j34-5/30 |
||
| 942 | _cBOOK | ||
| 980 | _aNB | ||